[Event "POL-chT U20 1st League"]
[Site "Chotowa"]
[Date "2025.06.17"]
[Round "4.7"]
[White "Tsiapko, Andrii"]
[Black "Zieba, Hubert"]
[Result "1/2-1/2"]
[WhiteElo "2141"]
[BlackElo "2233"]
[PlyCount "109"]
[EventDate "2025.06.14"]
[EventType "team-swiss"]
[EventRounds "9"]
[EventCountry "POL"]
[SourceTitle "CB26_2025"]
[SourceDate "2025.06.25"]
[SourceVersion "1"]
[SourceVersionDate "2025.06.25"]
[SourceQuality "1"]
[WhiteTeam "Chylice Laura"]
[BlackTeam "Rzeszow"]
[WhiteTeamCountry "POL"]
[BlackTeamCountry "POL"]

1. d4 Nf6 2. c4 e6 3. Nf3 d5 4. g3 dxc4 5. Bg2 c5 6. 0-0 Nc6 7. dxc5 Qxd1 8. Rxd1 Bxc5 9. Nbd2 c3 10. bxc3 0-0 11. Nb3 Be7 12. Nfd4 Bd7 13. Nxc6 Bxc6 14. Bxc6 bxc6 15. c4 Rfb8 16. Bd2 Ne4 17. Ba5 Bb4 18. Bxb4 Rxb4 19. Rac1 Kf8 20. Rd4 Nf6 21. c5 Rxd4 22. Nxd4 Rc8 23. f3 Ke7 24. e4 Kd8 25. Kf2 Kc7 26. Rb1 Nd7 27. Ke3 g6 28. f4 Re8 29. e5 Rd8 30. Nb3 Rb8 31. Rc1 Rb4 32. Kd3 g5 33. Rc4 Rxc4 34. Kxc4 gxf4 35. gxf4 Nf8 36. Kd4 Ng6 37. Ke4 Ne7 38. Nd2 Nd5 39. a3 Nc3+ 40. Kd3 Nd5 41. Ke4 Nc3+ 42. Kf3 a5 43. Nc4 a4 44. h4 h5 45. f5 exf5 46. Kf4 Kd7 47. Kxf5 Ke7 48. Na5 Nb5 49. Nxc6+ Ke8 50. Nb4 Nxa3 51. Kg5 Nc4 52. Kxh5 Nxe5 53. Kg5 Nf3+ 54. Kg4 Nxh4 55. Kxh4 1/2-1/2

[Event "POL-chT U20 1st League"]
[Site "Chotowa"]
[Date "2025.06.15"]
[Round "2.7"]
[White "Szymkiewicz, Witold"]
[Black "Zieba, Hubert"]
[Result "1/2-1/2"]
[WhiteElo "2075"]
[BlackElo "2233"]
[PlyCount "61"]
[EventDate "2025.06.14"]
[EventType "team-swiss"]
[EventRounds "9"]
[EventCountry "POL"]
[SourceTitle "CB26_2025"]
[SourceDate "2025.06.25"]
[SourceVersion "1"]
[SourceVersionDate "2025.06.25"]
[SourceQuality "1"]
[WhiteTeam "Czternastka Warszawa II"]
[BlackTeam "Rzeszow"]
[WhiteTeamCountry "POL"]
[BlackTeamCountry "POL"]

1. d4 d5 2. Nf3 Nf6 3. Bf4 c5 4. e3 e6 5. Nbd2 Bd6 6. Bg3 0-0 7. c3 Qc7 8. Bd3 Nbd7 9. 0-0 e5 10. e4 exd4 11. cxd4 Bxg3 12. hxg3 dxe4 13. Nxe4 cxd4 14. Nxd4 Nxe4 15. Bxe4 Nf6 16. Bf3 Rd8 17. Qa4 Bd7 18. Qb4 a5 19. Qxb7 Qxb7 20. Bxb7 Rab8 21. Bc6 Rxb2 22. Bxd7 Rxd7 23. Rab1 Rdb7 24. Nb3 Rxa2 25. Nxa5 Rxb1 26. Rxb1 h6 27. Nc4 Ng4 28. f3 Rc2 29. Na3 Ra2 30. Nc4 Rc2 31. Na3 1/2-1/2

[Event "Titled Tuesday intern op 03rd Jan Late"]
[Site "Chess.com INT"]
[Date "2025.06.03"]
[Round "5"]
[White "Schnaider, Ilan"]
[Black "Zieba, Hubert"]
[Result "0-1"]
[WhiteElo "2388"]
[BlackElo "2233"]
[PlyCount "100"]
[EventDate "2025.06.03"]
[EventType "swiss (blitz)"]
[EventRounds "11"]
[EventCountry "USA"]
[SourceTitle "CB24_2025"]
[SourceDate "2025.06.11"]
[SourceVersion "1"]
[SourceVersionDate "2025.06.11"]
[SourceQuality "1"]

1. e4 c5 2. Nf3 Nc6 3. Bb5 e5 4. 0-0 Nge7 5. c3 g6 6. d4 exd4 7. cxd4 cxd4 8. Bf4 Bg7 9. Bd6 0-0 10. Nbd2 a6 11. Bc4 b5 12. Bb3 Bb7 13. Re1 Na5 14. Bc2 Re8 15. e5 Nc8 16. Bc5 Nc6 17. Be4 d5 18. exd6 Nxd6 19. Bd5 Rxe1+ 20. Qxe1 Nf5 21. Be4 Qd7 22. Qd1 Re8 23. Rc1 d3 24. Nf1 Bxb2 25. Rb1 Bg7 26. Bxd3 Rd8 27. Bc2 Qxd1 28. Bxd1 Na5 29. a4 Be4 30. Rc1 Bb2 31. Bb6 Bxc1 32. Bxd8 Nc6 33. Bb6 b4 34. N3d2 Bd5 35. Nb3 Bh6 36. g3 Bg7 37. Nfd2 Nfd4 38. Kf1 Nxb3 39. Nxb3 Bc3 40. Ke2 Bc4+ 41. Ke3 f5 42. f4 Kf7 43. Nc5 Ne7 44. Kf2 Nd5 45. Ba7 Bd4+ 46. Ke1 Ke7 47. Bf3 b3 48. Kd2 b2 49. Kc2 Nb4+ 50. Kb1 Ba2# 0-1

[Event "Titled Tuesday intern op 03rd Jan Late"]
[Site "Chess.com INT"]
[Date "2025.06.03"]
[Round "10"]
[White "Zieba, Hubert"]
[Black "Gabrielian, Artur"]
[Result "0-1"]
[WhiteElo "2233"]
[BlackElo "2419"]
[PlyCount "32"]
[EventDate "2025.06.03"]
[EventType "swiss (blitz)"]
[EventRounds "11"]
[EventCountry "USA"]
[SourceTitle "CB24_2025"]
[SourceDate "2025.06.11"]
[SourceVersion "1"]
[SourceVersionDate "2025.06.11"]
[SourceQuality "1"]

1. d4 Nf6 2. c4 e6 3. g3 d5 4. Bg2 Be7 5. Nf3 0-0 6. 0-0 a5 7. Nbd2 a4 8. a3 Nc6 9. cxd5 exd5 10. Nb1 Ne4 11. Bf4 Bd7 12. Nfd2 Nxd2 13. Qxd2 Na5 14. Bxd5 Bh3 15. Bg2 Bxg2 16. Kxg2 Nb3 0-1

[Event "Katowice rapid op"]
[Site "Katowice"]
[Date "2025.06.02"]
[Round "3"]
[White "Zieba, Hubert"]
[Black "Piesik, Piotr"]
[Result "0-1"]
[WhiteElo "2116"]
[BlackElo "2377"]
[PlyCount "90"]
[EventDate "2025.05.31"]
[EventType "swiss"]
[EventRounds "11"]
[EventCountry "POL"]
[SourceTitle "CB24_2025"]
[SourceDate "2025.06.11"]
[SourceVersion "1"]
[SourceVersionDate "2025.06.11"]
[SourceQuality "1"]

1. d4 c5 2. d5 e5 3. e4 d6 4. Bb5+ Nd7 5. a4 Be7 6. Nf3 Ngf6 7. Nc3 0-0 8. 0-0 Ne8 9. Nd2 Bg5 10. Be2 Bxd2 11. Bxd2 b6 12. a5 Rb8 13. a6 Nc7 14. Nb5 Nxb5 15. Bxb5 Nf6 16. Bg5 h6 17. Bxf6 Qxf6 18. Qd2 Qg6 19. Rae1 Bh3 20. f4 exf4 21. Rxf4 Rbd8 22. Re3 Bd7 23. Rg3 Qh5 24. Bxd7 Rxd7 25. Rf5 Qh4 26. Rf4 Qh5 27. Rf5 Qh4 28. Qc3 g6 29. Qf3 Re8 30. Rg4 Qe7 31. Rf6 Qe5 32. c3 b5 33. Rf5 Qe7 34. h4 Kh7 35. Rf6 Kg7 36. Rff4 b4 37. cxb4 cxb4 38. Qe3 Qe5 39. Qd2 b3 40. Rf5 Qe7 41. h5 Kh7 42. Rf3 g5 43. Qc3 Rc7 44. Qxb3 Qe5 45. Qe3 f5 0-1

[Event "Katowice rapid op"]
[Site "Katowice"]
[Date "2025.05.31"]
[Round "6"]
[White "Kawulski Chodkiewicz, Alexander"]
[Black "Zieba, Hubert"]
[Result "0-1"]
[WhiteElo "1880"]
[BlackElo "2116"]
[PlyCount "87"]
[EventDate "2025.05.31"]
[EventType "swiss"]
[EventRounds "11"]
[EventCountry "POL"]
[SourceTitle "CB24_2025"]
[SourceDate "2025.06.11"]
[SourceVersion "1"]
[SourceVersionDate "2025.06.11"]
[SourceQuality "1"]

1. e4 c5 2. Nc3 Nc6 3. Nge2 g6 4. d4 cxd4 5. Nxd4 Bg7 6. Be3 Nf6 7. Bc4 0-0 8. Bb3 d6 9. f3 Bd7 10. Qd2 Qa5 11. 0-0 Rfc8 12. Rad1 Ne5 13. Bh6 Bh8 14. Nd5 Qd8 15. Qg5 Nxd5 16. exd5 Bf6 17. Qg3 Nc4 18. Kh1 Nxb2 19. Rd2 a5 20. c3 Nc4 21. Re2 a4 22. Bc2 Na3 23. Be4 Rxc3 24. Ne6 fxe6 25. Bxg6 hxg6 26. Qxg6+ Kh8 27. Bg5 Bxg5 28. Qh5+ Kg8 29. Qxg5+ Kf7 30. Qh5+ Kg7 31. Qg5+ Kf7 32. dxe6+ Bxe6 33. Qh5+ Kf8 34. Rxe6 Rc5 35. Rf6+ exf6 36. Qh8+ Kf7 37. Qh7+ Ke6 38. Qxb7 Rac8 39. f4 R8c7 40. Qe4+ Kd7 41. Qxa4+ Nb5 42. Re1 Qe8 43. Rd1 Qe2 44. h3 0-1

[Event "Katowice rapid op"]
[Site "Katowice"]
[Date "2025.05.31"]
[Round "2"]
[White "Plowy, Karol"]
[Black "Zieba, Hubert"]
[Result "0-1"]
[WhiteElo "1851"]
[BlackElo "2116"]
[PlyCount "84"]
[EventDate "2025.05.31"]
[EventType "swiss"]
[EventRounds "11"]
[EventCountry "POL"]
[SourceTitle "CB24_2025"]
[SourceDate "2025.06.11"]
[SourceVersion "1"]
[SourceVersionDate "2025.06.11"]
[SourceQuality "1"]

1. e4 c5 2. Nf3 Nc6 3. Bb5 e5 4. 0-0 Nge7 5. c3 g6 6. Re1 Bg7 7. Ba4 0-0 8. d3 d5 9. exd5 Qxd5 10. Be3 b6 11. Bc2 Bf5 12. Qe2 Rad8 13. Rd1 h6 14. Na3 Bg4 15. h3 Bxf3 16. Qxf3 Qxf3 17. gxf3 Nf5 18. Nc4 Rfe8 19. Ba4 Re6 20. f4 Nxe3 21. fxe3 exf4 22. exf4 Ne7 23. Bc2 Re2 24. Re1 Rxc2 25. Rxe7 Rxd3 26. Rxa7 b5 27. Ne5 Bxe5 28. fxe5 Rg3+ 29. Kh1 Rxh3+ 30. Kg1 Rg3+ 31. Kh1 Rf3 32. Rd1 Rxb2 33. e6 fxe6 34. Kg1 Rf7 35. Rd8+ Kg7 36. Ra6 Re7 37. Rdd6 b4 38. cxb4 cxb4 39. Rxe6 Rxe6 40. Rxe6 Rxa2 41. Rb6 Rb2 42. Kf1 b3 0-1

[Event "Titled Tuesday intern op 20th May Late"]
[Site "Chess.com INT"]
[Date "2025.05.20"]
[Round "4"]
[White "Zieba, Hubert"]
[Black "Jacobsen, Mikkel Manosri"]
[Result "0-1"]
[WhiteElo "2233"]
[BlackElo "2223"]
[PlyCount "44"]
[EventDate "2025.05.20"]
[EventType "swiss (blitz)"]
[EventRounds "11"]
[EventCountry "USA"]
[SourceTitle "CB22_2025"]
[SourceDate "2025.05.28"]
[SourceVersion "1"]
[SourceVersionDate "2025.05.28"]
[SourceQuality "1"]

1. d4 d5 2. c4 e6 3. Nf3 a6 4. g3 dxc4 5. Bg2 Nc6 6. 0-0 Rb8 7. e3 b5 8. Qe2 Nf6 9. b3 cxb3 10. axb3 Bb7 11. Bb2 Nb4 12. Rc1 Be7 13. Nc3 0-0 14. Ba3 Rc8 15. Na2 Nxa2 16. Rxa2 b4 17. Bb2 c5 18. dxc5 Rxc5 19. Rxc5 Bxc5 20. Qc2 Be4 21. Qxc5 Qd1+ 22. Bf1 Qxf3 0-1

[Event "Titled Tuesday intern op 06th May Early"]
[Site "Chess.com INT"]
[Date "2025.05.06"]
[Round "10"]
[White "Shahinyan, Vladimir"]
[Black "Zieba, Hubert"]
[Result "0-1"]
[WhiteElo "2202"]
[BlackElo "2233"]
[PlyCount "96"]
[EventDate "2025.05.06"]
[EventType "swiss (blitz)"]
[EventRounds "11"]
[EventCountry "USA"]
[SourceTitle "CB20_2025"]
[SourceDate "2025.05.14"]
[SourceVersion "1"]
[SourceVersionDate "2025.05.14"]
[SourceQuality "1"]

1. c4 c5 2. Nc3 g6 3. d4 cxd4 4. Qxd4 Nf6 5. e4 Nc6 6. Qe3 Bg7 7. h3 0-0 8. Nf3 d6 9. Be2 Be6 10. 0-0 Qa5 11. Bd2 Rfc8 12. Nd5 Qd8 13. Bc3 Bxd5 14. exd5 Na5 15. Bxa5 Qxa5 16. Nd4 Qb6 17. Rad1 Re8 18. b3 Nd7 19. Bg4 Bxd4 20. Rxd4 Nf6 21. Rfd1 a5 22. Qh6 a4 23. R1d3 axb3 24. axb3 Ra1+ 25. Kh2 Qa5 26. Re3 Rf1 27. Rf4 Qa1 28. Rxf6 Qxf6 29. Rf3 Qe5+ 30. g3 Qe1 31. Rxf7 Rxf2+ 32. Rxf2 Qxf2+ 33. Kh1 Rf8 34. Qc1 Qf1+ 35. Qxf1 Rxf1+ 36. Kg2 Rb1 37. c5 dxc5 38. h4 Kg7 39. Kh3 Rxb3 40. Bc8 b5 41. Bd7 c4 42. Be6 Re3 43. Bd7 b4 44. Bb5 c3 45. Ba4 Re2 46. Bb5 Rd2 47. Bc4 c2 48. Bb3 c1Q 0-1

[Event "Titled Tuesday intern op 01st Apr Early"]
[Site "Chess.com INT"]
[Date "2025.04.01"]
[Round "5"]
[White "Ejsymont, Blanka"]
[Black "Zieba, Hubert"]
[Result "0-1"]
[WhiteElo "1932"]
[BlackElo "2232"]
[PlyCount "96"]
[EventDate "2025.04.01"]
[EventType "swiss (blitz)"]
[EventRounds "11"]
[EventCountry "USA"]
[SourceTitle "CB15_2025"]
[SourceDate "2025.04.09"]
[SourceVersion "1"]
[SourceVersionDate "2025.04.09"]
[SourceQuality "1"]

1. d4 d5 2. Nf3 Nf6 3. Bf4 c5 4. e3 Nc6 5. c3 Qb6 6. Qb3 c4 7. Qc2 g6 8. Nbd2 Bf5 9. Qc1 Bg7 10. Nh4 Bd7 11. Be2 0-0 12. 0-0 h6 13. Nhf3 Nh5 14. Bg3 Nxg3 15. hxg3 Rae8 16. e4 e6 17. e5 Qd8 18. Nh4 b5 19. f4 b4 20. Nhf3 Qa5 21. g4 Rb8 22. Nh4 bxc3 23. bxc3 Qb6 24. f5 exf5 25. Rb1 Qd8 26. Rxb8 Nxb8 27. g3 f4 28. Ndf3 fxg3 29. g5 hxg5 30. Nxg5 Bh6 31. Nhf3 Bg4 32. Kg2 Bxf3+ 33. Bxf3 Bxg5 34. Qe1 Kg7 35. Qxg3 Rh8 36. Rb1 Nc6 37. Rb7 Be7 38. e6 fxe6 39. Rc7 Qe8 40. Qd6 Qf7 41. Qxc6 Rf8 42. Bg4 Qf2+ 43. Kh3 Qf1+ 44. Kg3 Qg1+ 45. Kh3 Qh1+ 46. Kg3 Qh4+ 47. Kg2 Rf2+ 48. Kg1 Qh2# 0-1

[Event "Titled Tuesday intern op 01st Apr Early"]
[Site "Chess.com INT"]
[Date "2025.04.01"]
[Round "8"]
[White "Tekeyev, Zaur"]
[Black "Zieba, Hubert"]
[Result "0-1"]
[WhiteElo "2412"]
[BlackElo "2232"]
[PlyCount "72"]
[EventDate "2025.04.01"]
[EventType "swiss (blitz)"]
[EventRounds "11"]
[EventCountry "USA"]
[SourceTitle "CB15_2025"]
[SourceDate "2025.04.09"]
[SourceVersion "1"]
[SourceVersionDate "2025.04.09"]
[SourceQuality "1"]

1. d4 d5 2. c4 c6 3. Nf3 Nf6 4. e3 a6 5. Nc3 b5 6. b3 Bg4 7. h3 Bxf3 8. Qxf3 e5 9. cxd5 Bb4 10. Bd2 Nxd5 11. Nxd5 Bxd2+ 12. Kxd2 cxd5 13. Bd3 exd4 14. exd4 0-0 15. Rhc1 Qa5+ 16. Ke2 Nd7 17. Bxh7+ Kxh7 18. Qf5+ Kg8 19. Qxd7 Rad8 20. Qc7 Rfe8+ 21. Kd3 Qa3 22. Qc5 Qb2 23. Qc2 Qa3 24. Re1 Qa5 25. Re3 Rc8 26. Qd2 b4 27. Rxe8+ Rxe8 28. Re1 Rxe1 29. Qxe1 Qxa2 30. Qxb4 Qb1+ 31. Ke3 Qc1+ 32. Kf3 Qd1+ 33. Kg3 Qd3+ 34. Kh2 Kh7 35. Qc5 Qxb3 36. Qd6 Qb2 0-1

[Event "Titled Tuesday intern op 25th Mar Early"]
[Site "Chess.com INT"]
[Date "2025.03.25"]
[Round "1"]
[White "Zieba, Hubert"]
[Black "Arca, Christian Gian Karl"]
[Result "0-1"]
[WhiteElo "2232"]
[BlackElo "2263"]
[PlyCount "76"]
[EventDate "2025.03.25"]
[EventType "swiss (blitz)"]
[EventRounds "11"]
[EventCountry "USA"]
[SourceTitle "CB14_2025"]
[SourceDate "2024.11.01"]
[SourceVersion "1"]
[SourceVersionDate "2024.11.01"]
[SourceQuality "1"]

1. d4 Nf6 2. c4 c5 3. d5 d6 4. g3 g6 5. Bg2 Bg7 6. Nc3 0-0 7. Nf3 e6 8. 0-0 a6 9. a4 Re8 10. Bf4 exd5 11. cxd5 Bg4 12. Nd2 Nh5 13. Be3 Bc8 14. Nc4 Qc7 15. Qc2 Nd7 16. Ne4 Bf8 17. Bf3 Ndf6 18. Nc3 Bf5 19. Qb3 Bg4 20. a5 Rad8 21. Qb6 Qd7 22. Rfe1 Qf5 23. Qxb7 Bxf3 24. exf3 Qxf3 25. Nd2 Qg4 26. Qxa6 Qf5 27. Qc4 Ng4 28. Nde4 Ne5 29. Qa4 Rb8 30. Re2 Qh3 31. Ng5 Qf5 32. a6 h6 33. a7 Ra8 34. Nge4 Re7 35. Qa6 Qh3 36. f4 Nf3+ 37. Kh1 f5 38. Nf2 Nxg3# 0-1

[Event "Titled Tuesday intern op 25th Mar Early"]
[Site "Chess.com INT"]
[Date "2025.03.25"]
[Round "6"]
[White "Zieba, Hubert"]
[Black "Jaiveer, Mahendru"]
[Result "0-1"]
[WhiteElo "2232"]
[BlackElo "2251"]
[PlyCount "68"]
[EventDate "2025.03.25"]
[EventType "swiss (blitz)"]
[EventRounds "11"]
[EventCountry "USA"]
[SourceTitle "CB14_2025"]
[SourceDate "2024.11.01"]
[SourceVersion "1"]
[SourceVersionDate "2024.11.01"]
[SourceQuality "1"]

1. d4 d5 2. c4 c6 3. Nf3 Nf6 4. g3 g6 5. Bg2 Bg7 6. 0-0 0-0 7. cxd5 cxd5 8. Nc3 Nc6 9. Ne5 Be6 10. Nxc6 bxc6 11. Bf4 Nd7 12. Rc1 Qb6 13. Na4 Qxd4 14. Qxd4 Bxd4 15. Rxc6 Nb6 16. Nc5 Bf5 17. b3 Rac8 18. Rxc8 Rxc8 19. Nd3 Rc2 20. a4 Rxe2 21. Nc1 Rc2 22. a5 Nd7 23. Bxd5 Nf6 24. Bf3 e5 25. Bg5 Bh3 26. Bg2 Bxg2 27. Kxg2 Ne4 28. Bh6 Nxf2 29. Kf3 f5 30. Re1 Ng4 31. Ne2 Nxh6 32. Nxd4 exd4 33. Re7 Ng4 34. Rd7 Rf2# 0-1